TNA Wrestling Champions by Year - 2011 - Statistics

General Stats
  • This quiz has been taken 83 times
  • The average score is 25 of 34
Answer Stats
Date Event Wrestler % Correct
February 13 Against All Odds Jeff Hardy
100%
November 3 Impact Wrestling Bobby Roode
94%
January 9 Genesis Bobby Roode
94%
March 3 TNA Impact! Sting
94%
July 14 Impact Wrestling Sting
94%
October 20 Impact Wrestling James Storm
92%
January 9 Genesis James Storm
92%
August 7 Hardcore Justice Kurt Angle
89%
May 19 Impact Wrestling Abyss
81%
January 9 Genesis Abyss
81%
November 13 Turning Point Gail Kim
81%
November 3 Impact Wrestling Gail Kim
81%
January 9 Genesis Mr. Anderson
81%
June 12 Slammiversary Mr. Anderson
81%
May 26 Impact Wrestling Eric Young
78%
November 3 Impact Wrestling Madison Rayne
78%
September 11 No Surrender Austin Aries
75%
October 16 Bound for Glory Velvet Sky
75%
July 21 Impact Wrestling Tara
72%
April 17 Lockdown Mickie James
67%
September 1 Impact Wrestling Mickie James
67%
July 21 Impact Wrestling Brooke Tessmacher
64%
January 9 Genesis Kazarian
64%
November 17 Impact Wrestling Matt Morgan
64%
November 13 Turning Point Robbie E
61%
August 7 Hardcore Justice Winter
61%
September 11 No Surrender Winter
61%
March 17 TNA Impact! Gunner
58%
August 18 Impact Wrestling Hernandez
58%
March 13 Victory Road Rosita
58%
March 13 Victory Road Sarita
58%
August 18 Impact Wrestling Anarquia
56%
July 10 Destination X Brian Kendrick
56%
November 17 Impact Wrestling Crimson
53%
No matching quizzes found
Score Distribution
Percent of People with Each Score
Percentile by Number Answered
Your Score History
You have not taken this quiz